Indian nationalism versus international communism : (Record no. 22850)

MARC details
000 -LEADER
fixed length control field 00893cam a22002771 4500
001 - CONTROL NUMBER
control field 8001801
003 - CONTROL NUMBER IDENTIFIER
control field BDDh-ASL
005 - DATE AND TIME OF LATEST TRANSACTION
control field 20231015030151.0
008 - FIXED-LENGTH DATA ELEMENTS--GENERAL INFORMATION
fixed length control field 720823s1966 ii b 000 0 eng
010 ## - LIBRARY OF CONGRESS CONTROL NUMBER
LC control number sa 66007061
025 ## - OVERSEAS ACQUISITION NUMBER
Overseas acquisition number PL480:I-E-6448
035 ## - SYSTEM CONTROL NUMBER
System control number (OCoLC)387597
040 ## - CATALOGING SOURCE
Original cataloging agency DLC
Transcribing agency OClU
Modifying agency OCoLC
-- DLC
-- BDDh-ASL
042 ## - AUTHENTICATION CODE
Authentication code premarc
050 00 - LIBRARY OF CONGRESS CALL NUMBER
Classification number DS480.45
Item number .B318
082 ## - DEWEY DECIMAL CLASSIFICATION NUMBER
Classification number 327.54047
Item number BAI
100 1# - MAIN ENTRY--PERSONAL NAME
Personal name Bandyopadhyaya, Jayantanuja.
245 10 - TITLE STATEMENT
Title Indian nationalism versus international communism :
Remainder of title role of ideology in international politics /
Statement of responsibility, etc. [by] Jayantanuja Bandyopodhyaya.
260 ## - PUBLICATION, DISTRIBUTION, ETC.
Place of publication, distribution, etc. Calcutta :
Name of publisher, distributor, etc. Firma K.L. Mukhopadhyay,
Date of publication, distribution, etc. 1966.
300 ## - PHYSICAL DESCRIPTION
Extent ix, 368 p. :
Dimensions 23 cm.
504 ## - BIBLIOGRAPHY, ETC. NOTE
Bibliography, etc. note Bibliography: p. 352-361.
650 #0 - SUBJECT ADDED ENTRY--TOPICAL TERM
Topical term or geographic name entry element Nationalism
Geographic subdivision India.
650 #0 - SUBJECT ADDED ENTRY--TOPICAL TERM
Topical term or geographic name entry element Communism
General subdivision History.
906 ## - LOCAL DATA ELEMENT F, LDF (RLIN)
a 7
b cbc
c oclcrpl
d u
e ncip
f 19
g y-gencatlg
942 ## - ADDED ENTRY ELEMENTS (KOHA)
Source of classification or shelving scheme Dewey Decimal Classification
Koha item type Books
Holdings
Withdrawn status Lost status Source of classification or shelving scheme Damaged status Not for loan Collection code Home library Current library Shelving location Date acquired Source of acquisition Total Checkouts Full call number Barcode Date last seen Copy number Price effective from Koha item type Public note
    Dewey Decimal Classification Damaged   Non-fiction Asiatic Society Library Asiatic Society Library General Stacks 03/06/2021 ASB Library Collections   327.54047 BAI 107179 03/06/2021 C-1 03/06/2021 Books RARE

Powered by Koha